00988nam a2200229 a 4500008004100000020001500041050002500056100001600081245006100097260002300158300001900181500004100200650003500241650001200276650003200288650002400320650004000344650003600384995017700420999001700597952014400614120619s2001 ||||||||||||||||| || u a9241546328 aRC 941 Cor (BOX 230) aCorr, Peter10aPattern recognition in diagnostic imagingcby Peter Corr aGeneva:bWHOc2001 ax, 205p.: ill. aBlue Trunk Library Collection (WHO). aRADIOGRAPHY, THORACIC--METHODS aMANUALS aDIAGNOSTIC IMAGING--METHODS aPATTERN RECOGNITION aMUSCULOSKELETAL SYSTEM--RADIOGRAPHY aRADIOGRAPHY, ABDOMINAL--METHODS aMEDICAL LIBRARY OPEN ACCESSe743154FCBU-SCHOOL OF MEDICINE LIBRARY (Ndola)jBTL RC 941 Cor (230)M1UAVAILABLEWAug 9, 2012y743154ZMedical Library Open Access Collection c32324d32324 00102lcc4070a002b002cMedical Library Open Access Collectiond2022-11-30l0oRC 941 Cor (BOX 230)p743154r2022-11-30w2022-11-30y002